[Event "ESP-chT Regional U14"]
[Site "Padron"]
[Date "2017.06.22"]
[Round "1.3"]
[White "Bermudez Revuelta, Paula"]
[Black "Morejon Ramirez, Laura"]
[Result "1-0"]
[WhiteElo "1712"]
[BlackElo "1458"]
[PlyCount "79"]
[EventDate "2017.06.22"]
[EventType "team"]
[EventRounds "6"]
[EventCountry "ESP"]
[SourceTitle "EXT 2018"]
[Source "ChessBase"]
[SourceDate "2017.10.13"]
[SourceVersion "1"]
[SourceVersionDate "2017.10.13"]
[SourceQuality "1"]
[WhiteTeam "Asturias (U14)"]
[BlackTeam "Castilla y Leon (U14)"]
[WhiteTeamCountry "ESP"]
[BlackTeamCountry "ESP"]

1. e4 e5 2. Nf3 Nc6 3. Bb5 a6 4. Ba4 b5 5. Bb3 Bc5 6. 0-0 Nf6 7. Nxe5 Bxf2+ 8. Rxf2 Nxe5 9. d4 Neg4 10. Rf1 d6 11. h3 Nh6 12. Bxh6 gxh6 13. Qf3 Rf8 14. Qxf6 Qxf6 15. Rxf6 Bb7 16. Nd2 0-0-0 17. Rxf7 Rxf7 18. Bxf7 Kb8 19. Rf1 Rf8 20. Bh5 Rxf1+ 21. Kxf1 Kc8 22. Bf7 Kd7 23. Bg8 Ke7 24. Bxh7 Kf6 25. Kf2 Bc8 26. Bg8 Kg7 27. Bd5 Bd7 28. c3 c6 29. Bb3 Kf6 30. Nf3 a5 31. e5+ dxe5 32. Nxe5 Be8 33. a4 Kf5 34. Ke3 Kg5 35. Nf3+ Kf5 36. g4+ Kf6 37. Kf4 Bd7 38. Ne5 Be8 39. h4 Kg7 40. Kf5 1-0